000 01187nam0a22002771 4500
001 rc\3150978
005 20260407125946.0
021 _aRU
_b[76-60365]
035 _a(NLR Aleph) 007321873
090 _a5918474
_c5918474
100 _a20120615d1975 |||y0rusy50 ca
101 0 _arus
102 _aRU
105 _aa z |||||
200 1 _aО рациональном использовании и увеличении растительных ресурсов Восточной Сибири
_e[Сборник статей]
_fИркут. с.-х. ин-т
_g[Ред. коллегия: Н.И. Заборцев и др.]
210 _aИркутск
_cИркут. с.-х. ин-т
_d1975
215 _a69 с.
_cил.
_d20
320 _aСписок лит.: с. 61 (6 назв.)
606 _aРастительные ресурсы
_yВосточная Сибирь
_2psbo
702 1 _aЗаборцев
_bН.И.
_gНиколай Иванович
_4340
712 0 2 _aИркутский сельскохозяйственный институт
_3RU\NLR\AUTH\889973039
_9442526
801 0 _aRU
_bNLR
_gpsbo
801 1 _aRU
_bELAR
_2rusmarc
852 _aNLR
_j77-4/273
942 _cBOOK
980 _aNB